Sjukur ni'mah; (Record no. 89084)
[ view plain ]
| 000 -LEADER | |
|---|---|
| fixed length control field | 00704cam a22002291 4500 |
| 001 - CONTROL NUMBER | |
| control field | sa 68019803 |
| 003 - CONTROL NUMBER IDENTIFIER | |
| control field | DLC |
| 005 - DATE AND TIME OF LATEST TRANSACTION | |
| control field | 20260227112720.0 |
| 008 - FIXED-LENGTH DATA ELEMENTS--GENERAL INFORMATION | |
| fixed length control field | 740911s1966 xx 000 0 ind |
| 010 ## - LIBRARY OF CONGRESS CONTROL NUMBER | |
| LC control number | sa 68019803 |
| 035 ## - SYSTEM CONTROL NUMBER | |
| System control number | (OCoLC)1004296 |
| 040 ## - CATALOGING SOURCE | |
| Original cataloging agency | DLC |
| Transcribing agency | OAU |
| Modifying agency | OCoLC |
| -- | DLC |
| 042 ## - AUTHENTICATION CODE | |
| Authentication code | premarc |
| 050 00 - LIBRARY OF CONGRESS CALL NUMBER | |
| Classification number | BP183.3 |
| Item number | .M35 |
| 100 1# - MAIN ENTRY--PERSONAL NAME | |
| Personal name | Mangkusasmito, Prawoto. |
| 245 10 - TITLE STATEMENT | |
| Title | Sjukur ni'mah; |
| Remainder of title | tasjakkur di Mesdjid Agung. Pidato -pidato 14 Agustus 1966: |
| Statement of responsibility, etc. | Prawoto Mangkusasmito [dan] M. Natsir. |
| 260 ## - PUBLICATION, DISTRIBUTION, ETC. | |
| Place of publication, distribution, etc. | Djakarta, |
| Name of publisher, distributor, etc. | Bulan Bintang, |
| Date of publication, distribution, etc. | 1966. |
| 300 ## - PHYSICAL DESCRIPTION | |
| Extent | 32 p. |
| Other physical details | ports. |
| Dimensions | 20 cm. |
| 650 #0 - SUBJECT ADDED ENTRY--TOPICAL TERM | |
| Topical term or geographic name entry element | Islam |
| Form subdivision | Prayers and devotions. |
| 650 #0 - SUBJECT ADDED ENTRY--TOPICAL TERM | |
| Topical term or geographic name entry element | Gratitude. |
| 700 1# - ADDED ENTRY--PERSONAL NAME | |
| Personal name | Natsir, M., |
| Dates associated with a name | 1908-1993. |
No items available.